01176pab a2200181 454500008004000000100002700040245002700067260000900094300001600103362001000119520065500129650002600784650001800810773003400828909001000862999001700872952010500889180718b2004 xxu||||| |||| 00| 0 eng d aUbillos, Javier Bilbao aPrivatisation in Spain c2004 ap.1928-936. a8 May aPrivatisation differs according to the formula used, the assets that are transferred, the restrictions which are set up for buyers or the resulting potential for change in the regulatory framework where the privatised firm is to operate. Therefore, an interpretation of economic policy regarding privatisation should examine the details of the defined. In this article, the case of Spain is used to show the various economic policy objectives (consolidating the productive system, reducing the public sector's financial requirements, or directly rebalancing the private and public sectors) that guide decisions concerning privatisation. - Reproduced. aPrivatization - Spain aPrivatization aEconomic and Political Weekly a60424 c60424d60424 00104070aIIPAbIIPAd2018-07-19hVolume no: 39, Issue no: 19pAR60870r2018-07-19w2018-07-19yAR